Biggest Trading Partners - Egypt - Statistics

General Stats
  • This quiz has been taken 830 times
  • The average score is 18 of 22
Answer Stats
exports imports country % Correct
1014 mil 3095 mil United States
99%
495 mil 7554 mil China
97%
1048 mil 1187 mil United Kingdom
95%
1755 mil 2411 mil Saudi Arabia
94%
504 mil 1324 mil France
93%
1468 mil 2644 mil Italy
93%
540 mil 5073 mil Germany
92%
655 mil 1947 mil Spain
89%
1438 mil 2505 mil Turkey
89%
631 mil 1830 mil India
88%
582 mil Libya
88%
545 mil Sudan
88%
2832 mil United Arab Emirates
88%
2210 mil Russia
87%
1553 mil Qatar
74%
1730 mil Brazil
73%
523 mil Jordan
70%
2154 mil South Korea
68%
801 mil Lebanon
60%
493 mil Switzerland
53%
2157 mil Ukraine
44%
1425 mil Argentina
43%
No matching quizzes found
Score Distribution
Percent of People with Each Score
Percentile by Number Answered
Your Score History
You have not taken this quiz